| 000 | 00824nam a22002057a 4500 | ||
|---|---|---|---|
| 999 |
_c6569 _d6569 |
||
| 003 | AR-CdUCM | ||
| 008 | 190318b ||||| |||| 00| 0 spa d | ||
| 040 |
_aMUNICIPALIDAD PROVINCIAL DEL CUSCO _cBIBLIOTECA MUNICIPAL DEL CUSCO |
||
| 041 | _hit. | ||
| 082 |
_a909 / _bC23 |
||
| 100 |
_aCantú, César _918527 |
||
| 245 | _aHistoria Universal / | ||
| 260 |
_aMadrid : _bLibrería de Garnier Hermanos, _c1875. |
||
| 300 |
_a4 tomos ; _c27 cm. |
||
| 505 | _aContenido : t.7: Nociones de cronología -- Geografía política -- Arqueología y bellas artes -- t.8: De la guerra -- De la legislación y diplomacia -- De la religión -- t.9: De la filosofía --De la literatura -- t.10: Biografías -- Indice. | ||
| 650 |
_aHistoria Universal _91423 |
||
| 700 |
_aTurin (editor) _918528 |
||
| 942 |
_2ddc _cLIBROS |
||
| 945 | _arjall | ||